Sports Quiz

Random Sports or Olympics Quiz
Score 0/16 Timer 03:00
0 Plays Today
Five Words Event % Correct
Passing, shooting, icing checking- Scoring!Ice Hockey
97.1%
Rocks, sweepers: Chess on iceCurling
92.7%
Salchow, axel- a triple lutz!Figure Skating
91.8%
Push, run, jump sit, steerBobsleigh
88.8%
Skate- Fast as you canSpeed Skating
88.7%
On skis: Real fast: GatesAlpine Skiing
84.3%
Sledding; feet first; bodytight suitsLuge
80.9%
Five G's; Sledding; Head FirstSkeleton
78.5%
Five Words Event % Correct
Downhill; Need speed for liftoffSki Jumping
76.9%
Ski, ski, ski, ski- Shoot!Biathlon
72.6%
Fugitive from the X GamesSnowboarding
72.5%
Ski fast; on flat groundCross-Country Skiing
71%
Ballroom on ice; No jumpsIce Dancing
67.6%
Skates; Mass start; Small rinkShort-Track Speed Skating
63.7%
Big air; Acrobats on skisFreestyle & Slopestyle Skiing
49.5%
Cross country, plus ski jumpNordic Combined
29.7%
Remove Ads.
Support Sporcle.
Get the best of Sporcle when you Go Orange. This ad-free experience offers more features, more stats, and more fun while also helping to support Sporcle. Thank you for becoming a member.

You're not logged in!

Compare scores with friends on all Sporcle quizzes.
OR
Log In

Show Comments

Extras

Top Quizzes Today


Score Distribution

Your Account Isn't Verified!

In order to create a playlist on Sporcle, you need to verify the email address you used during registration. Go to your Sporcle Settings to finish the process.

Report this User

Report this user for behavior that violates our Community Guidelines.

Details: